Statistics for Vehicles/Transportations That Start With P

Click here to take the quiz!

General Stats

  • This quiz has been taken 7 times
  • The average score is 12 of 28

Answer Stats

Answer% Correct
Plane
86%
Parachute
57%
Passenger
57%
Pickup Truck
57%
Police Car
57%
Punt
57%
Push Cart
57%
Paddle
43%
Paddlewheeler
43%
Patrol Car
43%
Pedal Boat
43%
Pilot
43%
Power Boat
43%
Propeller
43%
PT Boat
43%
Pumper Truck
43%
Packard
29%
Paddy Wagon
29%
Pagani
29%
Panoz
29%
Passenger Train
29%
Peerless Motor Company
29%
Perana Performance Group
29%
Peugeot
29%
Pirogue
29%
Pontoon
29%
Prairie Schooner
29%
Puddle Jumper
29%

Score Distribution

Percentile by Number Answered

Percent of People with Each Score

Your Score History

You have not taken this quiz